01522nam a2200289 i 4500001000700000003000900007007000300016008004100019245009800060260003200158300002800190490004500218505051300263700002800776700003200804700003200836700002600868700002300894700002900917700002600946700002200972700002400994830005301018852002101071999001901092952012101111104036ES-MaACLt|051122s1911 fr ||||1| fre d04aLes méthodes juridiques b: leçons faites au College livre des Sciences sociales en 1910. aParis : bV. Giard, c1911. aXXIV, 231 p. ; c23 cm.1 aEtudes économiques et sociales ; vXII8 aContiene: Paul Deschanel.- Preface.-- R. Saleilles.- Introducion.-- F. Larnaude.- Le droit public.Sa conception.Sa méthode.- H. Barthelemy.- La méthode applicable á l'étude du droit administratif.-- H. Truchy.- Les méthodes en économie politiqué.-- A. Tissier.- La rôle social et economiqué des régles de la procedure civiles.- Pillet.- La méthode en droit international privé.-- F. Géng.- Les procedes d'elaboration du droit civil.-- E. Garçon.- de la méthode du droit criminal1 aDeschanel, Paul.9438501 aSaleilles, Raymond.91018681 aLarnaude, Ferdinand.9702741 aBarthelemy, H.9261181 aTruchy, H.91115411 aTissier, Albert.91103391 aPillet, Felix.9920321 aGéng, F.9563121 aGarçon, E.9554780 aEtudes économiques et sociales ; vXII9184131 aES-MaACLjG-3049 c104036d104036 00104070aATENEOMbATENEOMcDEPO2d2008-01-17eSCl0oG-3049p1108623r2023-02-23 00:00:00w2023-02-23yMONOGRAFIA